=LDR 00000nam 2200000 4500 =001 INLIS000000000000210 =005 20150119095248.0 =006 =007 =008 Ind =035 ##$$0010-061300000000210 =041 ##$$a Ind =082 ##$$a 92(Kuncoraningrat) =090 ##$$a 92(Kuncoraningrat) Dha c =100 ##$$a Dharmaperwira-Amran, Frieda =245 ##$$a Corat-coret Koentjoraningrat / Frieda Dharmaperwira-Amran =260 ##$$aJakarta$bYayasan Obor Indonesia$c1997 =300 ##$$a xii,139 hlm. : ilus. ; 22 cm =650 ##$$a Kuncoraningrat-1923 =850 ##$$a NBPDMAT